|
|
|
|
| LEADER |
00000nam0a2200000 4500 |
| 001 |
131499 |
| 005 |
20231101220317.0 |
| 010 |
|
|
|a 5922105272
|
| 035 |
|
|
|a (RuTPU)RU\TPU\book\142423
|
| 035 |
|
|
|a RU\TPU\book\42676
|
| 090 |
|
|
|a 131499
|
| 100 |
|
|
|a 20020624d2005 km y0rusy50 ca
|
| 101 |
0 |
|
|a rus
|
| 102 |
|
|
|a RU
|
| 105 |
|
|
|a y z 011zd
|
| 200 |
1 |
|
|a Советский Союз в интерьере Нобелевских премий: факты, документы, размышления, комментарии
|f А. М. Блох
|g Под ред. А. И. Мелуа
|
| 205 |
|
|
|a 2-е изд.
|
| 210 |
|
|
|a Москва
|c Гуманистика
|c Физматлит
|d 2005
|
| 215 |
|
|
|a 880 с.
|
| 300 |
|
|
|a 100-летию Учреждения Нобелевского фонда, ставшего знаковым явлением XX столетия, посвящается эта книга.
|
| 320 |
|
|
|a Имен. указ.: с. 868-878.
|
| 330 |
|
|
|a Во втором, переработанном и значительно дополненном издании книги историка науки, известного своими публикациями по нобелистике, доктора геолого-минералогических наук, главного специалиста ИГЕМ РАН Абрама Блоха подробно и всесторонне, на основе анализа уникальных отечественных, шведских и норвежских архивных документов, реконструируется картина взаимоотношений властных структур Советского Союза с учреждениями Нобелевского фонда. Автор приводит множество неизвестных или малоизвестных фактов, касающихся истории отечественной науки, а также жизни и деятельности выдающихся советских и иностранных учёных и писателей. Для читателей, интересующихся историей отечественной науки и литературы.
|
| 600 |
|
1 |
|a Бродский
|g Иосиф Александрович
|b И. А.
|c русский поэт
|f 1940-1996
|2 stltpui
|3 (RuTPU)RU\TPU\pers\1094
|
| 600 |
|
1 |
|a Шолохов
|g Михаил Александрович
|f 1905-1984
|b М. А.
|c русский писатель
|c академик АН СССР
|2 stltpui
|3 (RuTPU)RU\TPU\pers\495
|
| 600 |
|
1 |
|a Солженицын
|g Александр Исаевич
|b А. И.
|c русский писатель
|c академик РАН
|f 1918 -
|2 stltpui
|3 (RuTPU)RU\TPU\pers\1117
|
| 600 |
|
1 |
|a Сахаров
|g Андрей Дмитриевич
|b А. Д.
|c российский физик-теоретик
|c общественный деятель
|c академик АН СССР
|f 1921 - 1989
|2 stltpui
|3 (RuTPU)RU\TPU\pers\1087
|
| 600 |
|
1 |
|a Пастернак
|g Борис Леонидович
|b Б. Л.
|c русский писатель
|f 1890 - 1960
|c поэт
|2 stltpui
|3 (RuTPU)RU\TPU\pers\456
|
| 606 |
1 |
|
|a Нобелевские премии
|y Россия
|2 stltpush
|3 (RuTPU)RU\TPU\subj\46297
|9 65446
|
| 610 |
1 |
|
|a история
|
| 610 |
1 |
|
|a наука
|
| 610 |
1 |
|
|a СССР
|
| 610 |
1 |
|
|a Нобелевские лауреаты
|
| 686 |
|
|
|a Ч216(2)27
|v LBC/SL-A
|2 rubbk
|
| 700 |
|
1 |
|a Блох
|b А. М.
|g Абрам Моисеевич
|
| 702 |
|
1 |
|a Мелуа
|b А. И.
|g Аркадий Иванович
|4 340
|
| 801 |
|
1 |
|a RU
|b 63413507
|c 20080219
|g PSBO
|
| 801 |
|
2 |
|a RU
|b 63413507
|c 20130226
|g PSBO
|
| 942 |
|
|
|c BK
|
| 959 |
|
|
|a 18/20080219
|d 1
|e 503,80
|f ЧЗГЛ:1
|